Informačná podpora trvalo udržateľného rozvoja
Využitie informácií pre riadenie podnikov. Rastúca potreba informácií. Prevádzkové informácie, informácie dodávateľských reťazcov a zákaznícke informácie. Nové zdroje a formy informácií. Úspešné zvládnutie tvorby trvalo udržateľného rozvoja.
Salvato in:
| Autore principale: | |
|---|---|
| Natura: | Capitolo di libro |
| Lingua: | slovacco |
| Soggetti: | |
| Tags: |
Nessun Tag, puoi essere il primo ad aggiungerne!!
|
MARC
| LEADER | 00000nla$a2200000$$$4500 | ||
|---|---|---|---|
| 001 | 0145264 | ||
| 005 | 20240502072618.0 | ||
| 041 | 0 | |a slo | |
| 044 | |a SK | ||
| 245 | 1 | 0 | |a Informačná podpora trvalo udržateľného rozvoja |c Andrea Zajacová |
| 520 | |a Využitie informácií pre riadenie podnikov. Rastúca potreba informácií. Prevádzkové informácie, informácie dodávateľských reťazcov a zákaznícke informácie. Nové zdroje a formy informácií. Úspešné zvládnutie tvorby trvalo udržateľného rozvoja. | ||
| 610 | 2 | 0 | |a rozvoj trvalo udržateľný |
| 610 | 2 | 0 | |a firmy |
| 610 | 2 | 0 | |a informácie |
| 610 | 2 | 0 | |a reťazce dodávateľsko-odberateľské |
| 610 | 2 | 0 | |a zákazníci |
| 100 | 1 | |a Zajacová, Andrea, 1985- | |